00366nam a2200109Ia 4500008004100000082000800041100001300049245007600062942000600138952009700144999001500241240331s9999 xx 000 0 und d bGRA aGrant, J 0aFundamental Feminism :bcontesting the core concepts of feminist theory cL 001040708LaWERCLbWERCLcSSCd2024-03-31l0o 305.4 GRAp5414r2024-03-31w2024-03-31yL c1763d1763